| 000 | 01653nam a2200373 c 4500 | ||
|---|---|---|---|
| 001 | BV017068505 | ||
| 003 | DE-604 | ||
| 005 | 20231229133954.0 | ||
| 007 | t | ||
| 008 | 030416s2001 |||| 10||| rus d | ||
| 035 | _a(OCoLC)163305530 | ||
| 035 | _a(DE-599)BVBBV017068505 | ||
| 040 |
_aDE-604 _bger _cRU-10907106 |
||
| 041 | 0 |
_arus _aeng |
|
| 049 | _aDE-12 | ||
| 111 |
_aLichudovskie čtenija _cVelikij Novgorod _958590 _4aut _d1998.05.11-14 _jVerfasserIn |
||
| 245 | 1 | 0 |
_aLichudovskie čtenija _bMaterialy naučnoj konferencii "Pervye Lichudovskie čtenija", Velikij Novgorod, 11-14 maja 1998 goda |
| 246 | 1 | 1 |
_aThe Leichoudes' studies _bThe Proceedings of the Conference "The First Leichoudes' Studies" Novgorod the Great, 11-14 May 1998 _i[Paralleltitel] |
| 264 | 1 |
_aVelikij Novgorod _c2001 _bNovgorodskij gosudarstvennyj universitet imeni Jaroslava Mudrogo |
|
| 300 |
_a241 Seiten _bIllustrationen, graphische Darstellungen |
||
| 336 |
_aText _btxt _2rdacontent |
||
| 337 |
_aOhne Hilfsmittel zu benutzen _bn _2rdamedia |
||
| 338 |
_aBand _bnc _2rdacarrier |
||
| 500 | _aK 295-letiju Novgorodskoj školy brat'ev Ioannikija i Safronija Lichudov | ||
| 546 | _aIn kyrill. Schr., russ. | ||
| 600 |
_aLeichoudēs, Iōannikios _959418 |
||
| 600 |
_aLeichoudēs, Sōphronios _959419 |
||
| 651 |
_aWeliki Nowgorod _94616 |
||
| 655 | 7 |
_0(DE-588)1071861417 _aKonferenzschrift _2gnd-content |
|
| 700 |
_4edt _aFonkič, B. L. _eHerausgeberIn _959420 |
||
| 700 |
_4edt _aJanin, V. L. _eHerausgeberIn _917603 |
||
| 710 |
_4isb _aNovgorodskij gosudarstvennyj universitet imeni Jaroslava Mudrogo _eHerausgebendes Organ _958586 |
||
| 942 | 1 | 1 |
_e22/bsb _2z _cMG |
| 999 |
_c69902 _d69902 |
||